The Financial Structure of the Fund /
Como lo dice el título, este libro habla de la manera como se financia la operación del Fondo Monetario Internacional, básicamente, con el pago de las cuotas de los países miembros.
-д хадгалсан:
| Үндсэн зохиолч: | |
|---|---|
| Формат: | Ном |
| Хэл сонгох: | англи |
| Хэвлэсэн: |
Washington, EUA :
Fondo Monetario Internacional,
1965
|
| Цуврал: | (Pamphlet Series)
|
| Нөхцлүүд: | |
| Шошгууд: |
Шошго байхгүй, Энэхүү баримтыг шошголох эхний хүн болох!
|
MARC
| LEADER | 00000nam^a2200000^a^4500 | ||
|---|---|---|---|
| 001 | 000020725 | ||
| 005 | 20250521000000.0 | ||
| 009 | 20260310084350.126 | ||
| 037 | |a Acervo ITESO - Biblioteca | ||
| 041 | |a ING | ||
| 082 | |a 332. 152 |b KRO | ||
| 100 | |a Kroc, Rudolf |e (autor) | ||
| 245 | 1 | 4 | |a The Financial Structure of the Fund / |c Rudolf Kroc. |
| 264 | 1 | |a Washington, EUA : |b Fondo Monetario Internacional, |c 1965 | |
| 300 | |a 41 p. | ||
| 336 | |a texto |b txt |2 rdacontenido | ||
| 337 | |a sin mediación |b n |2 rdamedio | ||
| 338 | |a volumen |b nc |2 rdasoporte | ||
| 440 | 1 | |a (Pamphlet Series) | |
| 520 | |a Como lo dice el título, este libro habla de la manera como se financia la operación del Fondo Monetario Internacional, básicamente, con el pago de las cuotas de los países miembros. | ||
| 610 | |a Fondo Monetario Internacional | ||
| 649 | |a XX | ||
| 650 | |a Finanzas Internacionales | ||
| 650 | |a Economía | ||
| 910 | |a Fondo General | ||
| 920 | |a Impresos - Libros | ||
| 930 | |a Colección General | ||
| 905 | |a 101 | ||
| 901 | |a 0207250100 |b IT1 |c ACC |i 020725 |u 20250521 | ||
| 902 | |a https://opac.biblio.iteso.mx/vufind/Record/000020725 | ||